LEADER 01144nam a2200277 u 4500 001 000000081521 003 CaOOAMICUS 005 20070226123750.0 008 050323s2005 enk u000 u eng u 020 $a1405110929 035 $a11035808 040 $aPUL$bita 245 02$aA companion to Heidegger /$cedited by Hubert L. Dreyfus and Mark A. Wrathall. 260 $aOxford :$bBlackwell,$c2005. 300 $axvii, 540 p. ;$c25 cm 490 1 $aBlackwell Companions to philosophy 600 14$aHeidegger, Martin,$d1889-1976.$0(OLS)http://pul/subject/4860 700 1 $aWrathall, Mark A.$0(OLS)http://pul/name/54333 700 1 $aDreyfus, Hubert L.$0(OLS)http://pul/name/54332 830 0$aBlackwell Companions to philosophy.$0(OLS)http://pul/title/80284 850 $aPUL 852 $aPUL$W1$xSL Filosofia 3$y81$m193 DREHE 1$j103968$nBK-PRI$qDDC 21$B103968$CPULBib$Z2$F103968 $HPUL97483 $82 941 1 $a9 996 $6020$a1405110929$9(OLS)http://pul/number/108011 996 $6245$aA companion to Heidegger$9(OLS)http://pul/title/106610 996 $6260$aOxford :$bBlackwell$9(OLS)http://pul/publisher/48259 LEADER 01508nam a2200337 a 4500 001 000000153319 003 CaOOAMICUS 005 20220624132833.0 008 160725s2014 it u000 u ita r 020 $z978-88-498-4752-9* 032 $aLibriCat 040 $aPUL$bita 041 1 $aita$heng 130 2 $aA catechism for businnes. $lItaliano.$0(OLS)http://pul/title/192761 245 10$aEtica e businnes :$bun catechismo per chi fa impresa /$cAndrew V. Abela, Joseph E. Capizzi ; edizione italiana a cura di Flavio Felice. 260 $aSoveria Mannelli :$bRubbettino,$cİ2016. 300 $a160 p. ;$c22 cm. 490 1 $aNovae Terrae ;$v14 650 4$aReligione$xStudi.$0(OLS)http://pul/subject/395 700 1 $aFelice, Flavio,$d1969-$0(OLS)http://pul/name/42078 700 1 $aCapizzi Joseph E.$0(OLS)http://pul/name/97611 700 1 $aAbela, Andrew V.$0(OLS)http://pul/name/97610 700 1 $aAngelini, Fabio G.$0(OLS)http://pul/name/97612 830 0$aNovae Terrae (Rubbettino) ;$v14.$0(OLS)http://pul/title/137035 850 $aPUL 852 $aPUL$W1$xSL Filosofia 3$y81$m174. 4 ABEAN 1$j176524$qDDC 21$B179023$CPULBib$Z2$F179023 $H128079 $81 941 1 $a9 996 $6020$z978-88-498-4752-9*$9(OLS)http://pul/number/160798 996 $6245$aEtica e businnes :$bun catechismo per chi fa impresa$9(OLS)http://pul/title/192762 996 $6260$aSoveria Mannelli :$bRubbettino$9(OLS)http://pul/publisher/51639